000 00316nam a22001457a 4500
003 SGT
020 _a9788123901985
082 _bVID
100 _aVIDHYASEKARAN P.
245 _aPRINCIPLES OF PLANT PATHOLOGY
260 _bCBS.PUB
_c2017
300 _a166
650 _aAGRICULTURE SCIENCE
942 _2ddc
_cBK
_025
999 _c15772
_d15772